000 00322nam a22001457a 4500
008 240412b ||||| |||| 00| 0 eng d
020 _a9789951550765
041 _aSHQIP
080 _22023
_a72
082 _a72MOR
100 _a20
101 _aNDERTIMTARI
245 _aMEKANIKA 2
_cMORINA.R.NASER
942 _2udc
_cBK
999 _c60624
_d60624